<?xml version="1.0" encoding="UTF-8"?>
<record
    xmlns:xsi="http://www.w3.org/2001/XMLSchema-instance"
    xsi:schemaLocation="http://www.loc.gov/MARC21/slim http://www.loc.gov/standards/marcxml/schema/MARC21slim.xsd"
    xmlns="http://www.loc.gov/MARC21/slim">

  <leader>01499nam0a22003371  4500</leader>
  <controlfield tag="001">RU\INFOCOMM_318\5000028311</controlfield>
  <controlfield tag="005">20250613103348.0</controlfield>
  <datafield tag="035" ind1=" " ind2=" ">
    <subfield code="a">(NLR Aleph) 009465317</subfield>
  </datafield>
  <datafield tag="090" ind1=" " ind2=" ">
    <subfield code="a">8492324</subfield>
    <subfield code="c">8492324</subfield>
  </datafield>
  <datafield tag="100" ind1=" " ind2=" ">
    <subfield code="a">20121031d1993    |||y0rusy50      ca</subfield>
  </datafield>
  <datafield tag="101" ind1="0" ind2=" ">
    <subfield code="a">eng</subfield>
  </datafield>
  <datafield tag="102" ind1=" " ind2=" ">
    <subfield code="a">RU</subfield>
  </datafield>
  <datafield tag="105" ind1=" " ind2=" ">
    <subfield code="a">y   z   |||||</subfield>
  </datafield>
  <datafield tag="200" ind1="1" ind2=" ">
    <subfield code="a">High charged ions from the special modification of the MEVVA ion source</subfield>
    <subfield code="f">V. A. Batalin, Yu. N. Volkov, T. V. Kulevoy, S. V. Petrenko</subfield>
  </datafield>
  <datafield tag="210" ind1=" " ind2=" ">
    <subfield code="a">&#x41C;&#x43E;&#x441;&#x43A;&#x432;&#x430;</subfield>
    <subfield code="c">&#x418;&#x43D;-&#x442; &#x442;&#x435;&#x43E;&#x440;&#x435;&#x442;. &#x438; &#x44D;&#x43A;&#x441;&#x43F;&#x435;&#x440;&#x438;&#x43C;. &#x444;&#x438;&#x437;&#x438;&#x43A;&#x438;</subfield>
    <subfield code="d">1993</subfield>
  </datafield>
  <datafield tag="215" ind1=" " ind2=" ">
    <subfield code="a">6 &#x441;.</subfield>
    <subfield code="c">&#x438;&#x43B;.</subfield>
    <subfield code="d">20 &#x441;&#x43C;</subfield>
  </datafield>
  <datafield tag="300" ind1=" " ind2=" ">
    <subfield code="a">&#x412; &#x432;&#x44B;&#x43F;. &#x434;&#x430;&#x43D;.: &#x41F;&#x43E;&#x43B;&#x443;&#x447;&#x435;&#x43D;&#x438;&#x435; &#x432;&#x44B;&#x441;&#x43E;&#x43A;&#x43E;&#x440;&#x430;&#x437;&#x440;&#x44F;&#x434;&#x43D;&#x44B;&#x445; &#x438;&#x43E;&#x43D;&#x43E;&#x432; &#x432; &#x432;&#x430;&#x43A;&#x443;&#x443;&#x43C;&#x43D;&#x43E;-&#x434;&#x443;&#x433;&#x43E;&#x432;&#x43E;&#x43C; &#x438;&#x441;&#x442;&#x43E;&#x447;&#x43D;&#x438;&#x43A;&#x435; &#x438;&#x43E;&#x43D;&#x43E;&#x432; &#x43C;&#x435;&#x442;&#x430;&#x43B;&#x43B;&#x430; (&#x412;&#x414;&#x418;&#x418;&#x41C;) &#x441; &#x43A;&#x430;&#x43D;&#x430;&#x43B;&#x43E;&#x43C; &#x434;&#x440;&#x435;&#x439;&#x444;&#x430; &#x43F;&#x43B;&#x430;&#x437;&#x43C;&#x44B; &#x438; &#x44D;&#x43B;&#x435;&#x43A;&#x442;&#x440;&#x43E;&#x43D;&#x43D;&#x44B;&#x43C; &#x43F;&#x443;&#x447;&#x43A;&#x43E;&#x43C; &#x43E;&#x442; &#x43D;&#x435;&#x437;&#x430;&#x432;&#x438;&#x441;&#x438;&#x43C;&#x43E;&#x439; &#x44D;&#x43B;&#x435;&#x43A;&#x442;&#x440;&#x43E;&#x43D;&#x43D;&#x43E;&#x439; &#x43F;&#x443;&#x448;&#x43A;&#x438; / &#x412;. &#x410;. &#x411;&#x430;&#x442;&#x430;&#x43B;&#x438;&#x43D; &#x438; &#x434;&#x440;.</subfield>
  </datafield>
  <datafield tag="320" ind1=" " ind2=" ">
    <subfield code="a">&#x411;&#x438;&#x431;&#x43B;&#x438;&#x43E;&#x433;&#x440;.: &#x441;. 6</subfield>
  </datafield>
  <datafield tag="606" ind1="0" ind2=" ">
    <subfield code="a">&#x418;&#x43E;&#x43D;&#x43D;&#x44B;&#x435; &#x438;&#x441;&#x442;&#x43E;&#x447;&#x43D;&#x438;&#x43A;&#x438; &#x432;&#x430;&#x43A;&#x443;&#x443;&#x43C;&#x43D;&#x43E;-&#x434;&#x443;&#x433;&#x43E;&#x432;&#x44B;&#x435;</subfield>
    <subfield code="9">1217860</subfield>
    <subfield code="3">RU\NLR\AUTH\66495142</subfield>
  </datafield>
  <datafield tag="686" ind1=" " ind2=" ">
    <subfield code="a">&#x412;338.411</subfield>
    <subfield code="2">rubbk</subfield>
  </datafield>
  <datafield tag="701" ind1=" " ind2="1">
    <subfield code="a">Batalin</subfield>
    <subfield code="b">V. A.</subfield>
  </datafield>
  <datafield tag="701" ind1=" " ind2="1">
    <subfield code="9">z01790</subfield>
    <subfield code="a">Volkov</subfield>
    <subfield code="b">Ju. N.</subfield>
  </datafield>
  <datafield tag="701" ind1=" " ind2="1">
    <subfield code="9">z02790</subfield>
    <subfield code="a">Kulevoj</subfield>
    <subfield code="b">T. V.</subfield>
  </datafield>
  <datafield tag="701" ind1=" " ind2="1">
    <subfield code="a">Petrenko</subfield>
    <subfield code="b">S. V.</subfield>
  </datafield>
  <datafield tag="790" ind1=" " ind2="1">
    <subfield code="9">z01701</subfield>
    <subfield code="a">Volkov</subfield>
    <subfield code="b">Yu. N.</subfield>
    <subfield code="4">070</subfield>
  </datafield>
  <datafield tag="790" ind1=" " ind2="1">
    <subfield code="9">z02701</subfield>
    <subfield code="a">Kulevoy</subfield>
    <subfield code="b">T. V.</subfield>
    <subfield code="4">070</subfield>
  </datafield>
  <datafield tag="801" ind1=" " ind2="1">
    <subfield code="a">RU</subfield>
    <subfield code="b">NLR</subfield>
    <subfield code="c">20121031</subfield>
  </datafield>
  <datafield tag="801" ind1=" " ind2="0">
    <subfield code="a">RU</subfield>
    <subfield code="b">INFOCOMM</subfield>
    <subfield code="g">PSBO</subfield>
  </datafield>
  <datafield tag="852" ind1=" " ind2=" ">
    <subfield code="a">NLR</subfield>
    <subfield code="j">&#x424;&#x437;01 &#x414;-4/6977</subfield>
  </datafield>
  <datafield tag="942" ind1=" " ind2=" ">
    <subfield code="c">BOOK</subfield>
  </datafield>
  <datafield tag="980" ind1=" " ind2=" ">
    <subfield code="a">NB</subfield>
  </datafield>
  <datafield tag="995" ind1=" " ind2=" ">
    <subfield code="5">2013-10-26</subfield>
    <subfield code="b">NLR01</subfield>
    <subfield code="c">NLR01</subfield>
    <subfield code="e">IF</subfield>
    <subfield code="f">1-1455016</subfield>
    <subfield code="k">&#x424;&#x437;01 &#x414;-4/6977</subfield>
    <subfield code="o">0</subfield>
    <subfield code="r">BOOK</subfield>
    <subfield code="s">01_46977</subfield>
  </datafield>
</record>
